| 000 | 00771nam a2200241Ia 4500 | ||
|---|---|---|---|
| 003 | GCL | ||
| 008 | 140319s9999 xx 000 0 ara d | ||
| 040 |
_aGCL / _cGCL |
||
| 082 | 0 | 4 |
_a956.903 _bم خ |
| 100 | 1 | _aعباس محمود العقاد | |
| 245 | 1 | 0 |
_aالخطر اليهودى : بروتوكولات حكماء صهيون / _cعباس محمود العقاد |
| 700 | 1 | _aمحمد خليفة التونسى | |
| 300 | _a248 ص | ||
| 490 | _a | ||
| 650 | 0 | 4 | _aالاحوال الاجتماعية |
| 650 | 0 | 4 | _aالنزاع العربى الاسرائيلى |
| 650 | 0 | 4 | _aاليهودية |
| 650 | 0 | 4 | _aالبروتوكلات |
| 650 | 0 | 4 | _aاليهود |
| 650 | 0 | 4 | _aاليهود - تاريخ |
| 650 | 0 | 4 | _aاحتلال فلسطين |
| 942 |
_2ddc _cBK |
||
| 999 |
_c45893 _d45893 |
||